|
|
|
|
| LEADER |
01271nam a2200265 a 4500 |
| 001 |
14054436 |
| 008 |
101021s2005 nhua b 000 0 eng d |
| 010 |
|
|
|a 2005020766
|
| 020 |
|
|
|a 0325008523 (alk. paper)
|
| 040 |
|
|
|a DLC
|c DLC
|d DLC
|d WaU
|d BD-DhAAL
|
| 082 |
0 |
0 |
|a 428/.0071/2
|2 22
|
| 245 |
0 |
0 |
|a Reflective teaching, reflective learning :
|b how to develop critically engaged readers, writers, and speakers /
|c edited by Thomas M. McCann ... [et al.] ; foreword by Jeffrey D. Wilhelm.
|
| 260 |
|
|
|a Portsmouth, NH :
|b Heinemann,
|c c2005.
|
| 300 |
|
|
|a xxvii, 223 p. :
|b ill. ;
|c 24 cm.
|
| 504 |
|
|
|a Includes bibliographical references.
|
| 541 |
1 |
|
|e 00021417
|
| 650 |
|
0 |
|a Language arts.
|
| 650 |
|
0 |
|a Reflective teaching.
|
| 650 |
|
0 |
|a Reflective learning.
|
| 700 |
1 |
|
|a McCann, Thomas M.
|
| 852 |
4 |
|
|a Ayesha Abed Library
|j General Shelf.
|
| 942 |
0 |
0 |
|0 1
|
| 999 |
|
|
|c 9849
|d 9849
|
| 952 |
|
|
|0 0
|1 0
|2 ddc
|4 0
|6 428_007120000000000_REF_2005
|7 0
|9 12626
|a BRACUL
|b BRACUL
|c GEN
|d 2010-10-21
|e TRIM EDUCATION
|g 3500.00
|l 4
|m 12
|o 428.00712 REF
|p 3010021417
|r 2025-04-28
|s 2025-04-23
|t 1
|w 2010-10-21
|y BK
|
| 952 |
|
|
|0 0
|1 0
|2 ddc
|4 0
|6 428_007120000000000_REF_2005
|7 0
|9 12637
|a BRACUL
|b BRACUL
|c GEN
|d 2010-10-21
|e TRIM EDUCATION
|g 3500.00
|l 6
|m 2
|o 428.00712 REF
|p 3010021418
|r 2023-02-12
|s 2023-02-06
|t 2
|w 2010-10-21
|y BK
|